Gerencia de la innovación : (Registro nro. 6204)
[ vista simple ]
| 000 -LEADER | |
|---|---|
| fixed length control field | 01517nam a2200289Ia 4500 |
| 003 - CONTROL NUMBER IDENTIFIER | |
| control field | OSt |
| 005 - DATE AND TIME OF LATEST TRANSACTION | |
| control field | 20210108122818.0 |
| 008 - FIXED-LENGTH DATA ELEMENTS--GENERAL INFORMATION | |
| fixed length control field | 191128s2012 ck ad gr 000 0dspa d |
| 020 ## - INTERNATIONAL STANDARD BOOK NUMBER | |
| International Standard Book Number | 9789587620658 |
| 040 ## - CATALOGING SOURCE | |
| Original cataloging agency | CO-JMCR |
| Transcribing agency | CO-JMCR |
| 041 0# - LANGUAGE CODE | |
| Language code of text/sound track or separate title | spa |
| 082 04 - DEWEY DECIMAL CLASSIFICATION NUMBER | |
| Classification number | 658.83 / |
| Item number | J171g |
| Edition number | 23 |
| 100 1# - MAIN ENTRY--PERSONAL NAME | |
| Personal name | Jaramillo Restrepo, Diego, |
| Relator term | autor |
| 9 (RLIN) | 12243 |
| 245 10 - TITLE STATEMENT | |
| Title | Gerencia de la innovación : |
| Remainder of title | hacia una sociedad creadora de soluciones útiles / |
| Statement of responsibility, etc. | Diego Jaramillo Restrepo |
| 250 ## - EDITION STATEMENT | |
| Edition statement | Primera edición |
| 260 ## - PUBLICATION, DISTRIBUTION, ETC. | |
| Place of publication, distribution, etc. | Bogotá : |
| Name of publisher, distributor, etc. | Ediciones de la U, |
| Date of publication, distribution, etc. | 2012 |
| 300 ## - PHYSICAL DESCRIPTION | |
| Extent | 100 páginas : |
| Other physical details | gráficos a blanco y negro ; |
| Dimensions | 21 cm. |
| 490 0# - SERIES STATEMENT | |
| Series statement | Gestión y emprendimiento |
| 500 ## - GENERAL NOTE | |
| General note | Incluye datos biográficos del autor en solapa posterior y notas a pie de página |
| 504 ## - BIBLIOGRAPHY, ETC. NOTE | |
| Bibliography, etc. note | Bibliografía: páginas 99 -100 |
| 505 0# - FORMATTED CONTENTS NOTE | |
| Formatted contents note | Innovación: conceptos -- Innovar. Hacia una empresa ambidextra -- Segmentación y realidades del mercado -- Redes virtuales e innovación abierta -- Caso: Corea del Sur, un referente obligado como sociedad innovadora -- Hacia una sociedad innovadora |
| 520 3# - SUMMARY, ETC. | |
| Summary, etc. | Este texto plantea y argumenta la necesidad de que la empresa, para lograr competitividad, debe trabajar con dos estructuras diferentes y complementarias: 1. Aquella estructura que se responsabiliza por la correcta administración del presente y 2. Otra es |
| 650 14 - SUBJECT ADDED ENTRY--TOPICAL TERM | |
| Topical term or geographic name entry element | Innovación |
| General subdivision | conceptos |
| 9 (RLIN) | 12805 |
| 650 14 - SUBJECT ADDED ENTRY--TOPICAL TERM | |
| Topical term or geographic name entry element | Segmentación y realidades del mercado |
| 9 (RLIN) | 12806 |
| 650 14 - SUBJECT ADDED ENTRY--TOPICAL TERM | |
| Topical term or geographic name entry element | Sociedad innovadora |
| 9 (RLIN) | 12807 |
| 942 ## - ADDED ENTRY ELEMENTS (KOHA) | |
| Source of classification or shelving scheme | Dewey Decimal Classification |
| Koha item type | Books |
| Withdrawn status | Lost status | Source of classification or shelving scheme | Damaged status | Not for loan | Collection code | Home library | Current library | Date acquired | Source of acquisition | Total Checkouts | Full call number | Barcode | Date last seen | Date last checked out | Copy number | Koha item type |
|---|---|---|---|---|---|---|---|---|---|---|---|---|---|---|---|---|
| Dewey Decimal Classification | Non-fiction | Biblioteca Pública José María del Castillo y Rada | Biblioteca Pública José María del Castillo y Rada | 04/15/2018 | Donación | 3 | 658.83 / J171g | 430012169 | 05/16/2024 | 04/03/2024 | Ej.1 | Books |